01025nam a2200193Ia 4500001001000000003001000010008004100020040002500061041001200086100002600098245009500124250001100219260009100230300001200321500017500333501011400508520017500622650003400797L235-9772IT-CnALBA170116s9999||||xx |||||||||||||| ||und|| aIT-CnALBAcIT-CnALBA aLATINO  aBAIOCEN. ET LEXOVIEN. 0aCANONIZATIONIS VEN. SERVI DEI PETRI FRANCISCI JAMET. 1762-1845. - POSITIO SUPER MIRACULO.  a1a ed. a ROMAbGUERRA GUERRIERO TIPOG. PERUGIA c1986 [1° Ed.:1986 - Ed.Ling.Originale: 1986] a179 p.  aCONGREGAZIONE PER LE CAUSE DEI SANTI. ESAME SUL MIRACOLO DEL SACERDOTE PIETRO FRANCESCO JAMET, SECONDO FONDATORE DELL'ISTITUTO DELLE SUORE DEL BUON SALVATORE. 1762 1845.  aSocietà San Paolo EM - Piazza San Paolo, 14 - 12051 ALBA (CN) (non commercial uses only) ® Copyright 2017 aCONGREGAZIONE PER LE CAUSE DEI SANTI. ESAME SUL MIRACOLO DEL SACERDOTE PIETRO FRANCESCO JAMET, SECONDO FONDATORE DELL'ISTITUTO DELLE SUORE DEL BUON SALVATORE. 1762 1845.  aMARIA SS. ANGELI SANTI DEMONI